000 00603nam a2200205 i 4500
001 101000
003 ES-MaACL
005 20230906182813.0
007 t|
008 051010s1960 sp ||||1| spa d
100 1 _aMaugham, W. Somerset.
_979192
245 1 0 _aUna hora antes del amanecer /
_cpor W. Somerset Maugham; [versión castellana de M. Vallve].
260 _aBarcelona :
_bG.P.,
_c1960.
300 _a192 p. ;
_c18 cm.
490 1 _aLibros Plaza
700 1 _aVallvé, Manuel.
_9112961
830 0 _aLibros Plaza
_9181449
852 _aES-MaACL
_jC-18776
_bR.46406
999 _c101000
_d101000